000 00233nam a2200097Ia 4500
001 725680
005 20250826163414.0
008 250824s9999 xx 000 0 und d
245 0 _aKÜÇÜK PRENS
_cANTOINE DE SAINT-EXUPERY
260 _bA
999 _c725680
_d725680